000 01056nam a2200253Ia 4500
999 _c34689
_d34689
001 474
003 GE_BSU
005 20200130164407.0
008 181216s2007||||ge |||||||||||||| ||geo||
020 _a9789992837412
040 _cGE_BSU
041 _ageo
080 _a316.3+32 ს-17
245 _aსაზოგადოება და პოლიტიკა :
_b[ალმანახი]. კრ. 6 /
_c [რედ.: გია ნოდია (მთ. რედ.), ზეინაბ სარაძე].
264 _aთბილისი,
_c2007.
300 _a396 გვ.;
_b19 სმ.
500 _aპარალ. თავფ. ინგლ. ენ.
653 _a რელიგია და სახელმწიფო
653 _a პოლიტიკა
653 _aსაზოგადოება; დემოკრატია
700 _aნოდია, გია
_eრედაქტორი
_96547
700 _a სარაძე, ზეინაბ
_eრედაქტორი
_96548
942 _cBK
_2udc